[Event "XVII OOM Podlaskie - Chlopcy"]
[Site "Suwalki"]
[Date "2011.04.14"]
[Round "1.1"]
[White "Karpacz, Piotr"]
[Black "Khamidov, Komil"]
[Result "0-1"]
[WhiteElo "1747"]
[BlackElo "2037"]
[PlyCount "142"]
[EventDate "2011.??.??"]

1. d4 d5 2. c4 c6 3. Nc3 Nf6 4. cxd5 cxd5 5. Bf4 Nc6 6. e3 e6 7. Bd3 Be7 8. Rc1
Qb6 9. Nge2 O-O 10. O-O Nh5 11. Na4 Qd8 12. a3 Nxf4 13. Nxf4 Bd6 14. Ne2 e5 15.
dxe5 Nxe5 16. Ng3 Qh4 17. Be2 Bg4 18. Nc3 Rad8 19. Qd4 g5 20. Bxg4 Nxg4 21. h3
Nxf2 22. Qxh4 gxh4 23. Nf5 Nd3 24. Rc2 Be5 25. Nxd5 Nxb2 26. Nde7+ Kh8 27. Nxh4
Nd1 28. Nef5 Rd3 29. Nf3 Bf6 30. Rd2 Rxd2 31. Nxd2 Nb2 32. Ne4 Be5 33. Nfd6 Kg7
34. Nxb7 Nc4 35. Nbc5 Nxe3 36. Rf3 Bd4 37. Kh1 Rb8 38. h4 Rb1+ 39. Kh2 Ng4+ 40.
Kg3 h5 41. Kf4 Kg6 42. Nd7 Rb7 43. Nec5 Rb5 44. Nd3 Rd5 45. Nb8 Bb6 46. Na6 Ra5
47. Ndb4 Rf5+ 48. Kg3 Bf2+ 49. Kh3 Bg1 50. Nc6 Nf2+ 51. Kg3 Ne4+ 52. Kh3 Rxf3+
53. gxf3 Nd2 54. Kg2 Bb6 55. Nab4 Nc4 56. a4 Ne3+ 57. Kh3 Nc4 58. Nd3 Kf5 59.
Kg3 Bc7+ 60. Kh3 a5 61. Nd4+ Kf6 62. Ne2 Nb6 63. Nc3 Ke6 64. Nb5 Bd8 65. Nf4+
Ke5 66. Nxh5 Nxa4 67. Ng3 Nc5 68. h5 Bg5 69. Kg4 Bc1 70. Ne2 f5+ 71. Kh4 Bh6
0-1

[Event "XVII OOM Podlaskie - Chlopcy"]
[Site "Suwalki"]
[Date "2011.04.14"]
[Round "1.2"]
[White "Kaczmarek, Aleksander"]
[Black "Szymanowski, Mateusz"]
[Result "1-0"]
[WhiteElo "2036"]
[BlackElo "1743"]
[PlyCount "61"]
[EventDate "2011.??.??"]

1. e4 c5 2. Nf3 d6 3. d4 cxd4 4. Nxd4 Nf6 5. Nc3 a6 6. h3 e5 7. Nde2 Be7 8. g4
h6 9. Bg2 Be6 10. Be3 Nbd7 11. O-O Rc8 12. Nd5 Nc5 13. Ng3 g6 14. c4 Bxd5 15.
exd5 Kf8 16. Rc1 b6 17. b4 Ncd7 18. f4 Kg7 19. fxe5 Nxe5 20. Qd4 b5 21. c5 Re8
22. c6 Nh7 23. Ne4 Bf6 24. Nxf6 Nxf6 25. Bxh6+ Kxh6 26. g5+ Kg7 27. gxf6+ Kg8
28. Qh4 Qb6+ 29. Rc5 dxc5 30. Qh6 cxb4+ 31. Kh1 1-0

[Event "XVII OOM Podlaskie - Chlopcy"]
[Site "Suwalki"]
[Date "2011.04.14"]
[Round "1.3"]
[White "Smieszek, Wojciech"]
[Black "Gajek, Radoslaw"]
[Result "0-1"]
[WhiteElo "1741"]
[BlackElo "1997"]
[PlyCount "122"]
[EventDate "2011.??.??"]

1. e4 c5 2. Nf3 e6 3. d4 cxd4 4. Nxd4 a6 5. Bd3 Bc5 6. Nb3 Be7 7. O-O d6 8. Nc3
Nd7 9. Be3 Qc7 10. f4 Ngf6 11. f5 Ne5 12. h3 b5 13. Bf4 Bb7 14. a3 Qb6+ 15. Kh1
Rc8 16. fxe6 fxe6 17. Qe2 O-O 18. Be3 Qc7 19. Nd4 Qd7 20. Nf3 Nh5 21. Kh2 Nxf3+
22. Rxf3 Bf6 23. g3 Bxc3 24. bxc3 Nf6 25. Bg5 Rxc3 26. Raf1 Qe7 27. e5 Bxf3 28.
exf6 gxf6 29. Rxf3 fxg5 30. Bxh7+ Kxh7 31. Rxc3 Qf6 32. Qh5+ Kg8 33. Rf3 Qg7
34. Rxf8+ Kxf8 35. Qf3+ Qf7 36. Qe3 Qf5 37. Qd2 Ke7 38. Kg2 e5 39. Qc3 Qe4+ 40.
Kh2 Qe2+ 41. Kg1 Qc4 42. Qd2 Qc5+ 43. Kg2 e4 44. Qe2 d5 45. Qd2 d4 46. h4 g4
47. Qe2 Qf5 48. Kg1 Qf3 49. Qe1 Kf6 50. Qa5 Qxg3+ 51. Kf1 Qf3+ 52. Kg1 Qd1+ 53.
Kf2 e3+ 54. Kg3 Qf3+ 55. Kh2 Qf2+ 56. Kh1 Qxh4+ 57. Kg1 Qf2+ 58. Kh1 Qf1+ 59.
Kh2 Qe2+ 60. Kg1 Qd1+ 61. Kg2 Qd2+ 0-1

[Event "XVII OOM Podlaskie - Chlopcy"]
[Site "Suwalki"]
[Date "2011.04.14"]
[Round "1.4"]
[White "Kulas, Szymon"]
[Black "Siedlanowski, Lukasz"]
[Result "1/2-1/2"]
[WhiteElo "1966"]
[BlackElo "1727"]
[PlyCount "60"]
[EventDate "2011.??.??"]

1. e4 c6 2. d4 d5 3. Nc3 dxe4 4. Nxe4 Bf5 5. Ng3 Bg6 6. h4 h6 7. Nf3 Nd7 8. h5
Bh7 9. Bd3 Bxd3 10. Qxd3 Qc7 11. Bd2 O-O-O 12. Qe2 e6 13. a4 Bd6 14. Ne4 Ngf6
15. Nxd6+ Qxd6 16. c4 c5 17. Bc3 Qc6 18. g3 cxd4 19. Bxd4 Nc5 20. O-O Nb3 21.
Rad1 Nxd4 22. Nxd4 Qc5 23. Nc2 Qxh5 24. Qxh5 Nxh5 25. Nd4 a6 26. b4 Rd7 27. Nf3
Rxd1 28. Rxd1 Rd8 29. Rc1 f6 30. Kf1 g5 1/2-1/2

[Event "XVII OOM Podlaskie - Chlopcy"]
[Site "Suwalki"]
[Date "2011.04.14"]
[Round "1.5"]
[White "Maciejewski, Andrzej"]
[Black "Piotrowski, Przemyslaw"]
[Result "1/2-1/2"]
[WhiteElo "1721"]
[BlackElo "1927"]
[PlyCount "85"]
[EventDate "2011.??.??"]

1. e4 e5 2. Nf3 Nf6 3. Nxe5 d6 4. Nf3 Nxe4 5. Nc3 Nxc3 6. dxc3 Be7 7. Be3 Be6
8. Bd3 Nc6 9. Qd2 Qd7 10. O-O-O Bxa2 11. b3 a5 12. Kb2 a4 13. Ra1 Qg4 14. Rxa2
Qxg2 15. Qd1 Ne5 16. Nxe5 dxe5 17. Rg1 a3+ 18. Kb1 Qc6 19. Rxg7 Rd8 20. Qh5 Qd5
21. Bc4 Qd1+ 22. Qxd1 Rxd1+ 23. Bc1 Bf8 24. Bxf7+ Kd8 25. Rg3 Ke7 26. Bh5 Rh1
27. Rd3 Rg8 28. Bd1 Rgg1 29. Bxa3+ Ke8 30. Bxf8 Rxd1+ 31. Rxd1 Rxd1+ 32. Kb2
Kxf8 33. Ra8+ Ke7 34. Rh8 Rf1 35. Rxh7+ Kd6 36. Rf7 e4 37. Rf4 Ke5 38. Rf8 Kd6
39. Rd8+ Ke5 40. Re8+ Kf4 41. Rf8+ Ke5 42. c4 Rh1 43. Re8+ 1/2-1/2

[Event "XVII OOM Podlaskie - Chlopcy"]
[Site "Suwalki"]
[Date "2011.04.14"]
[Round "1.6"]
[White "Ulanowski, Karol"]
[Black "Kosmala, Mateusz"]
[Result "1-0"]
[WhiteElo "1919"]
[BlackElo "1719"]
[PlyCount "79"]
[EventDate "2011.??.??"]

1. e4 e5 2. Nf3 d6 3. d4 exd4 4. Nxd4 Nf6 5. Nc3 Be7 6. Bc4 O-O 7. f3 Nc6 8.
Nxc6 bxc6 9. Be3 Be6 10. Bxe6 fxe6 11. O-O d5 12. e5 Nd7 13. f4 Bc5 14. Bxc5
Nxc5 15. Qg4 Qe7 16. Ne2 Ne4 17. Nd4 Rae8 18. Rad1 c5 19. Nf3 Rb8 20. Nh4 g6
21. b3 Kh8 22. Rd3 Rf7 23. Rh3 Kg8 24. Rd3 c4 25. Re3 Rbf8 26. bxc4 Qc5 27.
Rfe1 Rxf4 28. Qxe6+ Kg7 29. Nf3 c6 30. cxd5 cxd5 31. Qa6 g5 32. Qd3 g4 33. Nd4
Qb6 34. c3 Qb2 35. Ne6+ Kh6 36. Nxf4 Rxf4 37. R3e2 Qb7 38. Qe3 Qf7 39. g3 Nxg3
40. hxg3 1-0

[Event "XVII OOM Podlaskie - Chlopcy"]
[Site "Suwalki"]
[Date "2011.04.14"]
[Round "1.7"]
[White "Fronczak, Sebastian"]
[Black "Marczuk, Dominik"]
[Result "1/2-1/2"]
[WhiteElo "1712"]
[BlackElo "1918"]
[PlyCount "73"]
[EventDate "2011.??.??"]

1. e4 c5 2. c3 d5 3. exd5 Qxd5 4. d4 Nf6 5. Nf3 e6 6. Na3 Nc6 7. Be3 cxd4 8.
Nb5 Qd7 9. Nbxd4 Nd5 10. Bb5 Qc7 11. O-O Bd6 12. Bd3 a6 13. a4 Ne5 14. Nxe5
Bxe5 15. Nf3 Nxe3 16. fxe3 Bf6 17. Nd4 b6 18. Be4 Bb7 19. Qf3 Bxe4 20. Qxe4 O-O
21. Rf3 Be5 22. Rh3 h6 23. Nf3 Bf6 24. Rf1 Rac8 25. Nd4 Bxd4 26. exd4 Qc4 27.
g4 f5 28. gxf5 exf5 29. Rxf5 Rxf5 30. Qxf5 Rf8 31. Qd3 Qxa4 32. Rxh6 Qa1+ 33.
Kg2 Qxb2+ 34. Kh3 gxh6 35. Qg6+ Kh8 36. Qxh6+ Kg8 37. Qg6+ 1/2-1/2

[Event "XVII OOM Podlaskie - Chlopcy"]
[Site "Suwalki"]
[Date "2011.04.14"]
[Round "1.8"]
[White "Eggink, Ryszard"]
[Black "Mucha, Piotr"]
[Result "1/2-1/2"]
[WhiteElo "1914"]
[BlackElo "1707"]
[PlyCount "128"]
[EventDate "2011.??.??"]

1. e4 c5 2. Nf3 d6 3. d4 cxd4 4. Nxd4 Nf6 5. Nc3 a6 6. Bc4 e6 7. Bb3 Be7 8. O-O
O-O 9. f4 Qc7 10. f5 e5 11. Nf3 b5 12. Bg5 Bb7 13. Bxf6 Bxf6 14. Nd5 Qc5+ 15.
Kh1 Nd7 16. g4 Nb6 17. Nxb6 Qxb6 18. Bd5 Rac8 19. g5 Bxd5 20. exd5 Bd8 21. f6
gxf6 22. gxf6 Bxf6 23. Nd2 Bg7 24. Qg4 f5 25. Rxf5 Rxf5 26. Qxf5 Rf8 27. Qg4
Qd4 28. Qxd4 exd4 29. Ne4 Be5 30. Kg2 Rf4 31. Re1 Rf5 32. Re2 Kf7 33. h3 Kg6
34. Rf2 h5 35. Rxf5 Kxf5 36. Kf3 a5 37. Nf2 Bg7 38. Nd3 Bf6 39. Nf4 h4 40. Nd3
Bg7 41. b3 Bh8 42. a4 bxa4 43. bxa4 Bf6 44. Nb2 Ke5 45. Nc4+ Kxd5 46. Nxa5 Kc5
47. Ke4 Kb4 48. Nc6+ Kxa4 49. Nxd4 Bxd4 50. Kxd4 Kb4 51. c3+ Kb3 52. Kd3 d5 53.
Kd4 Kc2 54. Kxd5 Kxc3 55. Ke4 Kc4 56. Kf4 Kd4 57. Kg4 Ke4 58. Kxh4 Kf4 59. Kh5
Kf5 60. Kh6 Kf6 61. h4 Kf7 62. Kh7 Kf8 63. h5 Kf7 64. h6 Kf8 1/2-1/2

[Event "XVII OOM Podlaskie - Chlopcy"]
[Site "Suwalki"]
[Date "2011.04.14"]
[Round "1.9"]
[White "Nun, Grzegorz"]
[Black "Koitka, Jakub"]
[Result "0-1"]
[WhiteElo "1705"]
[BlackElo "1887"]
[PlyCount "124"]
[EventDate "2011.??.??"]

1. e4 e5 2. Nf3 Nc6 3. Bb5 a6 4. Ba4 Nf6 5. O-O Be7 6. Re1 b5 7. Bb3 d6 8. c3
O-O 9. h3 Nb8 10. d4 Nbd7 11. Nbd2 Bb7 12. Bc2 Re8 13. Nf1 Bf8 14. Ng3 g6 15.
a4 c5 16. d5 c4 17. Nh2 Qc7 18. Ng4 Nxg4 19. Qxg4 Bg7 20. Nf1 Nc5 21. Qh4 Qd8
22. Bg5 f6 23. Be3 Qc7 24. Nh2 Qf7 25. Bh6 g5 26. Bxg5 fxg5 27. Qxg5 Rf8 28.
Ng4 Kh8 29. Re3 Qg6 30. Qxg6 hxg6 31. Re2 Bc8 32. Nh2 Bd7 33. axb5 axb5 34.
Ree1 Na4 35. Bxa4 bxa4 36. Nf3 Bh6 37. Kh2 Rfb8 38. Re2 Rb3 39. Rc2 Kg8 40. Nd2
Bxd2 41. Rxd2 Kf7 42. Rc2 Ke7 43. Kg3 a3 44. bxa3 Raxa3 45. Rxa3 Rxa3 46. f4
Kf6 47. h4 Ba4 48. Rc1 Ra2 49. Kf3 exf4 50. Rb1 Bb3 51. Rg1 Rc2 52. Kxf4 Rxc3
53. g4 Rd3 54. g5+ Kg7 55. Ra1 c3 56. Ra7+ Kf8 57. e5 c2 58. Rc7 dxe5+ 59. Kxe5
Rxd5+ 60. Kf6 Rd6+ 61. Ke5 Re6+ 62. Kd4 Re1 0-1

[Event "XVII OOM Podlaskie - Chlopcy"]
[Site "Suwalki"]
[Date "2011.04.14"]
[Round "1.10"]
[White "Sliwicki, Damian"]
[Black "Kowalski, Maciej"]
[Result "1/2-1/2"]
[WhiteElo "1864"]
[BlackElo "1704"]
[PlyCount "158"]
[EventDate "2011.??.??"]

1. e4 d5 2. exd5 Nf6 3. d4 Nxd5 4. c4 Nb6 5. Nc3 e5 6. Qe2 Qxd4 7. Nf3 Qg4 8.
Qxe5+ Qe6 9. Bf4 Nc6 10. Qxe6+ Bxe6 11. O-O-O Be7 12. Nb5 O-O 13. Nxc7 Rac8 14.
b3 Ba3+ 15. Kb1 Bg4 16. Bd3 Nb4 17. Be4 a6 18. h3 Bh5 19. Bd6 Rfd8 20. Bxb4
Bxb4 21. Nd5 Nxd5 22. Bxd5 Bg6+ 23. Kb2 Re8 24. Nd4 Be4 25. Bxe4 Rxe4 26. f3
Re3 27. Rc1 g6 28. Rhd1 Rce8 29. a3 Bf8 30. Nc2 Bg7+ 31. Ka2 Re2 32. g3 h5 33.
Kb1 R8e3 34. Rd8+ Kh7 35. Nxe3 Rb2+ 36. Ka1 Rxb3+ 37. Ka2 Rb2+ 38. Ka1 Rd2+ 39.
Kb1 Rxd8 40. Kc2 Re8 41. Kd3 Rd8+ 42. Nd5 b5 43. Re1 bxc4+ 44. Kxc4 Rc8+ 45.
Kb3 Rc5 46. Rd1 Kh6 47. Rd3 Rc1 48. Kb4 Bf8+ 49. Ka4 Rc5 50. Nb4 a5 51. Na6 Re5
52. f4 Rf5 53. Nc7 h4 54. g4 Rxf4+ 55. Kxa5 Bc5 56. Kb5 Bg1 57. a4 Rf1 58. a5
Rb1+ 59. Kc6 Rc1+ 60. Kb7 Rb1+ 61. Kc8 Ra1 62. Rd5 Rc1 63. Kd8 Rc5 64. Kd7 f5
65. gxf5 Rxd5+ 66. Nxd5 gxf5 67. a6 Kg5 68. Kc6 f4 69. Nb6 Bxb6 70. Kxb6 f3 71.
a7 f2 72. a8=Q f1=Q 73. Qg8+ Kh6 74. Qe6+ Kg7 75. Qg4+ Kh7 76. Qxh4+ Kg7 77.
Qg5+ Kh7 78. Qe7+ Kg6 79. h4 Qf6+ 1/2-1/2

[Event "XVII OOM Podlaskie - Chlopcy"]
[Site "Suwalki"]
[Date "2011.??.??"]
[Round "1.11"]
[White "Chomczyk, Marek"]
[Black "Jarmula, Lukasz"]
[Result "0-1"]
[WhiteElo "1696"]
[BlackElo "1852"]
[PlyCount "60"]
[EventDate "2011.??.??"]

1. e4 c5 2. Nf3 d6 3. d4 cxd4 4. Nxd4 Nf6 5. Nc3 a6 6. f3 e5 7. Nb3 Be6 8. Be3
Be7 9. Qd2 O-O 10. O-O-O Nbd7 11. g4 b5 12. h4 Nb6 13. Kb1 b4 14. Bxb6 Qxb6 15.
Nd5 Bxd5 16. exd5 Rfc8 17. Bh3 Rc4 18. h5 a5 19. g5 a4 20. Nc1 Rd4 21. Qf2 Nxd5
22. Rxd4 Qxd4 23. Qxd4 exd4 24. g6 Nf4 25. Bf5 fxg6 26. hxg6 hxg6 27. Bd3 Nxd3
28. Nxd3 Rb8 29. Nf4 Kf7 30. Kc1 Bg5 0-1

[Event "XVII OOM Podlaskie - Chlopcy"]
[Site "Suwalki"]
[Date "2011.??.??"]
[Round "1.12"]
[White "Chmielarz, Maciej"]
[Black "Beczala, Pawel"]
[Result "1/2-1/2"]
[WhiteElo "1823"]
[BlackElo "1693"]
[PlyCount "158"]
[EventDate "2011.??.??"]

1. d4 d5 2. c4 e6 3. Nc3 Nf6 4. Bg5 Nbd7 5. Nf3 c6 6. e3 Qa5 7. Qc2 Ne4 8. c5
b6 9. cxb6 Bb4 10. Rc1 axb6 11. Bd3 Nxg5 12. Nxg5 h6 13. Nf3 Bxc3+ 14. Qxc3
Qxc3+ 15. Rxc3 Rxa2 16. Rxc6 Bb7 17. Rc7 Ba6 18. Bxa6 Rxa6 19. O-O Ra8 20. Rfc1
Rd8 21. Rb7 O-O 22. g3 Nf6 23. Rxb6 Rc8 24. Rbc6 Rxc6 25. Rxc6 Rb8 26. Rc2 Ne4
27. Ne5 Nd6 28. Nd7 Rb4 29. Nc5 Nc4 30. b3 Na5 31. Ra2 Rb5 32. Ra3 e5 33. b4
Nc6 34. Ra8+ Kh7 35. dxe5 Nxe5 36. Rd8 Nc6 37. Rxd5 Nxb4 38. Rd4 Nc2 39. Rc4
Ne1 40. Rc1 Nf3+ 41. Kg2 Ne5 42. Rc2 g6 43. Ne4 Kg7 44. Rc5 Rxc5 45. Nxc5 f5
46. f3 Nc4 47. Kf2 Kf6 48. Nd3 Nd6 49. Ke2 Ke6 50. Nf4+ Kf6 51. Kd3 Nf7 52. Ke2
Nd6 53. Nd5+ Ke5 54. Nc3 Nc4 55. f4+ Ke6 56. Kd3 Nd6 57. Kd4 Ne8 58. h3 h5 59.
e4 fxe4 60. Nxe4 Ng7 61. Ng5+ Kf5 62. Ke3 Ne8 63. Nf7 Nc7 64. Nd6+ Kf6 65. Ke4
Ke6 66. Nc4 Ne8 67. Kd4 Kf6 68. Kd5 Ng7 69. Nd6 Ne6 70. Ne8+ Kf5 71. Nd6+ Kf6
72. Ne4+ Kf5 73. Nf2 Nxf4+ 74. gxf4 Kxf4 75. Ne4 g5 76. Kd4 g4 77. hxg4 Kxg4
78. Nf6+ Kg5 79. Nxh5 Kxh5 1/2-1/2

[Event "XVII OOM Podlaskie - Chlopcy"]
[Site "Suwalki"]
[Date "2011.??.??"]
[Round "1.13"]
[White "Ogonowski, Jakub"]
[Black "Snihur, Piotr"]
[Result "0-1"]
[WhiteElo "1690"]
[BlackElo "1818"]
[PlyCount "122"]
[EventDate "2011.??.??"]

1. e4 c5 2. Nf3 e6 3. d4 cxd4 4. Nxd4 a6 5. Nc3 Qc7 6. Bd3 Nf6 7. O-O Nc6 8.
Nxc6 bxc6 9. f4 d5 10. g4 Bc5+ 11. Kh1 d4 12. Na4 Be7 13. g5 Nd7 14. Qh5 c5 15.
b3 g6 16. Qe2 Bb7 17. Nb2 h6 18. Nc4 hxg5 19. fxg5 Rh5 20. Qg2 Kf8 21. Bf4 e5
22. Bd2 Kg7 23. Qf3 Rf8 24. Rg1 Qd8 25. Qg3 Rfh8 26. Qg2 Rh3 27. Qf2 Qa8 28.
Rae1 R3h4 29. Qf3 Rh3 30. Qg4 Bc8 31. Rg2 Qb8 32. Rf1 Nf8 33. Qd1 Be6 34. Nxe5
Bd6 35. Nf3 R8h7 36. e5 Bd5 37. Qe2 Bxe5 38. Be4 Bxe4 39. Qxe4 Bxh2 40. Nxh2
Rxh2+ 41. Kg1 Rxg2+ 42. Qxg2 Ne6 43. Qf2 Kg8 44. Bf4 Nxf4 45. Qxf4 Qxf4 46.
Rxf4 Rh5 47. Rg4 Kf8 48. Rg2 Ke7 49. Kf2 Ke6 50. Ke2 f6 51. gxf6 Kxf6 52. Kd3
Kf5 53. a3 Rh3+ 54. Ke2 g5 55. Rf2+ Ke4 56. Rg2 Re3+ 57. Kf2 Kf4 58. b4 cxb4
59. axb4 g4 60. Rg1 g3+ 61. Kg2 Re2+ 0-1

[Event "XVII OOM Podlaskie - Chlopcy"]
[Site "Suwalki"]
[Date "2011.??.??"]
[Round "1.14"]
[White "Czajkowski, Adam"]
[Black "Lebiedowicz, Borys"]
[Result "1-0"]
[WhiteElo "1802"]
[BlackElo "1689"]
[PlyCount "75"]
[EventDate "2011.??.??"]

1. e4 e5 2. Nf3 Nc6 3. Bb5 a6 4. Bxc6 dxc6 5. O-O f6 6. d4 exd4 7. Nxd4 Ne7 8.
Be3 Ng6 9. f4 Bc5 10. f5 Ne5 11. Kh1 O-O 12. c3 Qe8 13. Nd2 b5 14. Bg1 Bd6 15.
N4f3 Bb7 16. Nxe5 Qxe5 17. Qb3+ Kh8 18. Rae1 c5 19. Rf3 g5 20. fxg6 hxg6 21.
Rfe3 Kg7 22. Nf3 Qf4 23. e5 fxe5 24. Nxe5 Rh8 25. Qe6 Rh6 26. Qd7+ Kg8 27. Qe6+
Kg7 28. Qd7+ Kg8 29. Ng4 Rh7 30. Qe6+ Kg7 31. h3 Rah8 32. Qd7+ Kg8 33. Qe8+ Bf8
34. Qxg6+ Rg7 35. Qe6+ Rf7 36. Bh2 Qg5 37. Rg3 Bg7 38. Ne5 1-0

[Event "XVII OOM Podlaskie - Chlopcy"]
[Site "Suwalki"]
[Date "2011.??.??"]
[Round "1.15"]
[White "Mrozowski, Patryk"]
[Black "Zebracki, Tomasz"]
[Result "1/2-1/2"]
[WhiteElo "1676"]
[BlackElo "1798"]
[PlyCount "94"]
[EventDate "2011.??.??"]

1. e4 e6 2. d4 d5 3. e5 c5 4. c3 Nc6 5. Nf3 Qb6 6. a3 c4 7. Nbd2 Na5 8. Be2 Bd7
9. O-O O-O-O 10. Qe1 h6 11. Bd1 g5 12. Bc2 Be7 13. Qd1 f5 14. exf6 Bxf6 15. Re1
Ne7 16. b3 cxb3 17. Nxb3 Nxb3 18. Bxb3 Nf5 19. Bc2 Qc7 20. Bb2 h5 21. Ne5 Nd6
22. Bd3 Rde8 23. Qe2 g4 24. a4 Bxe5 25. Qxe5 h4 26. Ba3 Nf7 27. Qxc7+ Kxc7 28.
Bc1 Rc8 29. Bd2 Kd6 30. a5 Ke7 31. Reb1 Bc6 32. Re1 Nd6 33. Rab1 a6 34. Bf4 Kd7
35. Bxd6 Kxd6 36. Re5 Rcg8 37. c4 g3 38. c5+ Kd7 39. Be2 gxf2+ 40. Kxf2 Rf8+
41. Bf3 Rf4 42. Rd1 Rf7 43. Rh5 Rff8 44. Ke3 Ba4 45. Rb1 Bb5 46. Rd1 Kc7 47. h3
Bd7 1/2-1/2

[Event "XVII OOM Podlaskie - Chlopcy"]
[Site "Suwalki"]
[Date "2011.??.??"]
[Round "1.16"]
[White "Niekras, Dawid"]
[Black "Osinski, Emil"]
[Result "1-0"]
[WhiteElo "1789"]
[BlackElo "1672"]
[PlyCount "115"]
[EventDate "2011.??.??"]

1. e4 c5 2. Nf3 Nc6 3. d4 cxd4 4. Nxd4 Nf6 5. Nc3 e6 6. Ndb5 d6 7. Bf4 e5 8.
Bg5 a6 9. Na3 b5 10. Nd5 Be7 11. Bxf6 Bxf6 12. c3 O-O 13. Nc2 Bg5 14. Be2 f5
15. exf5 Bxf5 16. O-O Kh8 17. a4 bxa4 18. Rxa4 a5 19. Bd3 Bxd3 20. Qxd3 Ra7 21.
Nce3 Raf7 22. Nc4 Rb7 23. Rb1 Qb8 24. Nde3 Bxe3 25. fxe3 Rd8 26. Qd5 Ne7 27.
Qxa5 d5 28. Nxe5 Re8 29. Nd3 Nf5 30. Qxd5 Nxe3 31. Qf3 Rbe7 32. Rf4 Rd7 33. Ne5
Rb7 34. Qxe3 Rbe7 35. Rbf1 g5 36. Nf7+ Rxf7 37. Rxf7 Rxe3 38. Rf8+ Qxf8 39.
Rxf8+ Kg7 40. Kf2 Re4 41. Rf3 Kg6 42. Re3 Rf4+ 43. Ke2 Ra4 44. Kd2 Kf5 45. Kc2
h5 46. Re2 Kf4 47. b4 Ra2+ 48. Kd3 Ra1 49. b5 Rb1 50. Kc4 h4 51. Kc5 g4 52. b6
Rb3 53. c4 Re3 54. Rxe3 Kxe3 55. b7 Kf2 56. b8=Q Kxg2 57. Kd4 g3 58. hxg3 1-0

[Event "XVII OOM Podlaskie - Chlopcy"]
[Site "Suwalki"]
[Date "2011.??.??"]
[Round "1.17"]
[White "Buraczewski, Rafal"]
[Black "Swiderski, Radoslaw"]
[Result "0-1"]
[WhiteElo "1631"]
[BlackElo "1785"]
[PlyCount "86"]
[EventDate "2011.??.??"]

1. Nf3 Nf6 2. d4 g6 3. c3 Bg7 4. Bf4 d6 5. Nbd2 Bf5 6. Qb3 Qc8 7. e3 O-O 8. Be2
Re8 9. O-O Nh5 10. Ng5 Nxf4 11. Qxf7+ Kh8 12. exf4 e6 13. Bf3 Nc6 14. Bxc6 bxc6
15. Rfe1 h6 16. Nge4 Qd8 17. g4 Rf8 18. Qxf8+ Qxf8 19. gxf5 Qxf5 20. Ng3 Qxf4
21. Ndf1 Rf8 22. Re2 h5 23. Rae1 h4 24. Ne4 Qg4+ 25. Neg3 hxg3 26. Nxg3 Qf3 27.
Rf1 e5 28. Re3 Qf7 29. dxe5 Bxe5 30. Kh1 Qd5+ 31. Ne4 Rf4 32. Rh3+ Kg7 33. f3
Qd3 34. Kg2 Rf5 35. Ng3 Bxg3 36. Rxg3 Qe3 37. h4 Rh5 38. Rg4 Re5 39. Rg3 Qe2+
40. Kh3 Qd3 41. Rfg1 Qf5+ 42. Kh2 Re2+ 43. Kh1 Rf2 0-1

[Event "XVII OOM Podlaskie - Chlopcy"]
[Site "Suwalki"]
[Date "2011.??.??"]
[Round "1.18"]
[White "Gajdamowicz, Patrick"]
[Black "Maciejewski, Mikolaj"]
[Result "1/2-1/2"]
[WhiteElo "1782"]
[BlackElo "1622"]
[PlyCount "66"]
[EventDate "2011.??.??"]

1. d4 Nf6 2. c4 d6 3. Nf3 g6 4. Nc3 Bg7 5. e4 O-O 6. Be2 c6 7. O-O Bg4 8. h3
Bxf3 9. Bxf3 Nbd7 10. Re1 e5 11. Be3 exd4 12. Bxd4 Qc7 13. Rc1 Ne5 14. Be2 Bh6
15. Rc2 Nfd7 16. g3 Nb6 17. Bxb6 axb6 18. f4 Nd7 19. Rd2 Rad8 20. Rxd6 Nc5 21.
Rxd8 Rxd8 22. Qc1 Nd3 23. Bxd3 Rxd3 24. Ne2 Qd7 25. Kg2 Bf8 26. Nc3 Rd2+ 27.
Re2 Rxe2+ 28. Nxe2 Qd3 29. Nc3 Bc5 30. Qf1 Qd2+ 31. Qe2 Qd4 32. Qf1 Bb4 33. Qe2
Bxc3 1/2-1/2

[Event "XVII OOM Podlaskie - Chlopcy"]
[Site "Suwalki"]
[Date "2011.??.??"]
[Round "1.19"]
[White "Molenda, Marcin"]
[Black "Mirski, Michal"]
[Result "1/2-1/2"]
[WhiteElo "1614"]
[BlackElo "1776"]
[PlyCount "96"]
[EventDate "2011.??.??"]

1. c4 f5 2. Nc3 Nf6 3. g3 g6 4. Bg2 Bg7 5. Nf3 O-O 6. O-O d6 7. d4 Qe8 8. b4 h6
9. Bb2 g5 10. Nb5 Na6 11. d5 c6 12. dxc6 bxc6 13. Nfd4 Bd7 14. Qa4 cxb5 15.
Qxa6 Rb8 16. c5 dxc5 17. bxc5 e5 18. Nc6 Bxc6 19. Bxc6 Qe7 20. Bxb5 Rfc8 21.
Ba3 e4 22. Bc4+ Kh8 23. Qe6 Qc7 24. Rab1 Qa5 25. Rxb8 Rxb8 26. Qa6 Qc7 27. Qd6
Qxd6 28. cxd6 Bf8 29. Be6 Ne8 30. Rd1 Ng7 31. Bb3 Rd8 32. Bf7 Kh7 33. Kf1 Rd7
34. Bb3 Kg6 35. Bb4 Rd8 36. a3 a5 37. Bxa5 Rxd6 38. Rxd6+ Bxd6 39. a4 Bc5 40.
Bc7 Ne8 41. Bb8 Bb6 42. Bd5 Nc7 43. Bxc7 Bxc7 44. Kg2 Kf6 45. Bc6 Ke5 46. f3 e3
47. h3 Ba5 48. g4 f4 1/2-1/2

[Event "XVII OOM Podlaskie - Chlopcy"]
[Site "Suwalki"]
[Date "2011.??.??"]
[Round "1.20"]
[White "Tomaszewski, Kacper"]
[Black "Mazur, Bartlomiej"]
[Result "1-0"]
[WhiteElo "1775"]
[BlackElo "1603"]
[PlyCount "143"]
[EventDate "2011.??.??"]

1. d4 Nf6 2. c4 g6 3. Nc3 d5 4. Nf3 Bg7 5. Bf4 a6 6. e3 O-O 7. cxd5 Nxd5 8.
Nxd5 Qxd5 9. Bxc7 Nc6 10. Be2 Bf5 11. a3 Rac8 12. Bb6 Be4 13. Rc1 Nb8 14. Bc5
Bf6 15. Bc4 Qh5 16. Be2 Qd5 17. O-O Nd7 18. Bb4 a5 19. Bd2 b6 20. Qa4 Rfe8 21.
Rfd1 e6 22. Ne1 Qb7 23. Bb5 Nb8 24. f3 Bd5 25. Kh1 Bc6 26. Kg1 Bd5 27. Rxc8
Rxc8 28. e4 Bc6 29. Bf4 Bxb5 30. Qxb5 Qa6 31. Qxa6 Nxa6 32. Kf2 g5 33. Be3 b5
34. Ke2 b4 35. Kd3 bxa3 36. bxa3 h6 37. Rc1 Rb8 38. Rc3 Be7 39. Kc2 Kf8 40. f4
g4 41. f5 h5 42. fxe6 fxe6 43. Rc6 Ra8 44. Rxe6 Bxa3 45. Nd3 Nc7 46. Rh6 Be7
47. Rh8+ Kg7 48. Rxa8 Nxa8 49. d5 Kf6 50. Kb3 Bd8 51. Ka4 Nb6+ 52. Kb5 Nd7 53.
Bd4+ Kg5 54. Kc6 Nf8 55. Bc5 Ng6 56. e5 Kf5 57. e6 Kf6 58. Kd7 Be7 59. d6 Bf8
60. e7 Bxe7 61. dxe7 Nxe7 62. Bxe7+ Kf5 63. Nf2 Kf4 64. Bc5 g3 65. Bd6+ Ke3 66.
Bxg3 a4 67. Nd1+ Kd2 68. Nb2 Ke2 69. Nxa4 Kf1 70. h4 Kxg2 71. Bf4 Kf3 72. Bg5
1-0

[Event "XVII OOM Podlaskie - Chlopcy"]
[Site "Suwalki"]
[Date "2011.??.??"]
[Round "1.21"]
[White "Szymanowicz, Maksymilian"]
[Black "Kowalczyk, Mariusz"]
[Result "1/2-1/2"]
[WhiteElo "1596"]
[BlackElo "1765"]
[PlyCount "63"]
[EventDate "2011.??.??"]

1. d4 d5 2. Bf4 Nf6 3. e3 Bf5 4. c4 dxc4 5. Bxc4 e6 6. Nd2 a6 7. Ngf3 c5 8. O-O
Nc6 9. dxc5 Bxc5 10. Nb3 Be7 11. Nbd4 Nxd4 12. Nxd4 Bg6 13. Qb3 Qd7 14. Rfd1
Nd5 15. Nf3 Bf6 16. Bxd5 exd5 17. Rxd5 Qe6 18. Nd4 Bxd4 19. Rxd4 Qxb3 20. axb3
O-O 21. Rc1 h6 22. h3 Rfc8 23. Rdc4 Rxc4 24. bxc4 Rd8 25. Be5 Be4 26. f3 Bc6
27. Bd4 f5 28. Bc3 Kf7 29. Kf2 g6 30. Re1 Ke6 31. Kg3 Rd3 32. Kf2 1/2-1/2

[Event "XVII OOM Podlaskie - Chlopcy"]
[Site "Suwalki"]
[Date "2011.??.??"]
[Round "1.22"]
[White "Czerw, Dawid"]
[Black "Gluszak, Pawel"]
[Result "1-0"]
[WhiteElo "1761"]
[BlackElo "1528"]
[PlyCount "51"]
[EventDate "2011.??.??"]

1. d4 d5 2. c4 e6 3. Nc3 Nf6 4. cxd5 Nxd5 5. e4 Nf6 6. Nf3 Bb4 7. Bd3 Nc6 8.
O-O O-O 9. Bc2 h6 10. Qd3 e5 11. d5 Nb8 12. Nxe5 Re8 13. f4 b6 14. Re1 Ba6 15.
Qf3 Nfd7 16. Nd3 Bxd3 17. Bxd3 Nf6 18. Bd2 Qc8 19. Kh1 Qg4 20. a3 Bc5 21. b4
Bd4 22. Rac1 Bxc3 23. Bxc3 Qd7 24. Bxf6 gxf6 25. Qh5 Kh7 26. e5+ 1-0

[Event "XVII OOM Podlaskie - Chlopcy"]
[Site "Suwalki"]
[Date "2011.??.??"]
[Round "1.23"]
[White "Krawiecki, Stanislaw"]
[Black "Lewtak, Dominik"]
[Result "1/2-1/2"]
[WhiteElo "1520"]
[BlackElo "1750"]
[PlyCount "67"]
[EventDate "2011.??.??"]

1. e4 e5 2. Nf3 Nf6 3. Nxe5 d6 4. Nf3 Nxe4 5. Nc3 Nxc3 6. dxc3 Be7 7. Bf4 Nc6
8. Bc4 O-O 9. Qd2 Bf5 10. O-O-O Qd7 11. Rde1 a6 12. Bg5 Bxg5 13. Qxg5 h6 14.
Qd2 Rfe8 15. h3 Be4 16. Bd5 Bxd5 17. Qxd5 Re6 18. Qd2 Rae8 19. Nd4 Nxd4 20.
cxd4 Qe7 21. Kd1 Rxe1+ 22. Rxe1 Qxe1+ 23. Qxe1 Rxe1+ 24. Kxe1 Kh7 25. Kd2 Kg6
26. c4 Kf5 27. Kd3 g5 28. b4 b5 29. c5 d5 30. g3 h5 31. Ke3 c6 32. f3 Kg6 33.
f4 g4 34. hxg4 1/2-1/2

[Event "XVII OOM Podlaskie - Chlopcy"]
[Site "Suwalki"]
[Date "2011.04.15"]
[Round "2.1"]
[White "Khamidov, Komil"]
[Black "Czajkowski, Adam"]
[Result "1-0"]
[WhiteElo "2037"]
[BlackElo "1802"]
[PlyCount "49"]
[EventDate "2011.??.??"]

1. e4 c5 2. Nf3 e6 3. d4 cxd4 4. Nxd4 a6 5. Nc3 Qc7 6. Bd3 Nc6 7. Nxc6 dxc6 8.
O-O e5 9. f4 Bd6 10. f5 Nf6 11. Qf3 b5 12. a4 Bb7 13. Be3 Nd7 14. Rfd1 Bc5 15.
Bxc5 Nxc5 16. b4 Nxd3 17. Rxd3 O-O 18. f6 Qb6+ 19. Kh1 c5 20. Rd7 Rfd8 21. bxc5
Qc6 22. Re7 gxf6 23. Nd5 Rxd5 24. exd5 Qxd5 25. Rxb7 1-0